Statistiques concernant Ultimate Ustensiles de cuisine

Cliquez ici pour prendre le quiz!

Statistiques générales

  • Ce quiz a été pris 117 fois
    (97 depuis la dernière actualisation)
  • Le résultat moyen est 29 sur 62

Statistiques - réponses

Réponse% Correct
Rouleau
78%
Fourchette
77%
Fouet
76%
Micro-onde
76%
Cuiller
74%
Balance
73%
casserole
73%
Couteau
73%
Friteuse
73%
Grille-Pain
73%
Louche
73%
poêle
73%
entonnoir
72%
Mortier / pilon
72%
Rape
69%
Saladier
68%
Batteur
66%
Couteau à pain
66%
économe / épluche-légumes
66%
Pinceau
66%
Casse-noix
65%
Décapsuleur
64%
Mixeur
64%
Passoire
59%
Plancha
59%
Emporte-pièce
57%
pelle à tarte
57%
Wok
55%
Billig
54%
Moule à tarte
51%
verre doseur
51%
écumoire
50%
Maryse
49%
Auto-cuiseur
47%
Cocotte
46%
Mandoline
46%
Presse-ail
46%
Hachoir à viande
43%
Zesteur
43%
Douille
42%
Presse-agrumes
42%
fusil
39%
Allume-feu
35%
Presse-purée
35%
baguettes
30%
couscoussier
28%
Terrine
28%
Cuisinière
23%
coupe-oeuf
22%
vide-pomme
22%
Caquelon
19%
Moulin à Légumes
18%
panier vapeur
16%
coupe-ananas
15%
fourchette à viande
15%
Moule à gaufre
14%
Vinaigrier
12%
écailleur
11%
Attendrisseur
9%
Chauffe-plat
9%
Couperet
9%
Turbotière
3%

Distribution des résultats

Percentile par nombre de réponses

% des personnes avec chaque résultat

Votre développement - résultats

Vous n’avez pas pris ce quiz depuis la dernière actualisation